| 000 | 00763nam a22002292i 4500 | ||
|---|---|---|---|
| 001 | 22963 | ||
| 003 | BD-RjUL | ||
| 005 | 20211209000857.0 | ||
| 008 | 140309r19621948enk 000 1 eng d | ||
| 035 |
_a(BD-RjUL)23028 _aOCLC ocm05290501 from D960625M |
||
| 040 |
_aMST _cMST _dBD-RjUL _beng |
||
| 041 | _aeng | ||
| 082 | 0 | 4 |
_a822.08 _bOCJ 1962 |
| 100 | 1 |
_aO'Casey, Sean _d1880-1964. _92798 |
|
| 245 | 1 | 0 |
_aJuno and the paycock and The plough and the stars / _cSean O'Casey ; with introduction and notes by Guy Boas |
| 260 |
_aNew York ; London : _bMacmillan ;St. Martin's, _c1948 [Reprint 1962]. |
||
| 300 |
_axi, 168 p. ; _c18 cm |
||
| 490 | 1 | _aScholar's library | |
| 650 |
_aEnglish drama. _970798 |
||
| 700 | 1 |
_aBoas, Guy _d1896-1966. _970799 |
|
| 942 |
_2ddc _cBK |
||
| 999 |
_c22963 _d22963 |
||